Manual de ahorro energético en instalaciones deportivas / Joan Esteve Reyener, Albert Mitjà Sarvisé, Joan Josep Escobar Sánchez
Descripción Física:
376 p. ; 30 cm
MARC
| LEADER | 00000nam a2200000Ia 4500 | ||
|---|---|---|---|
| 001 | 8410 | ||
| 008 | 160829s1986 xx 000 0 cat d | ||
| 080 | |a P-1-9 | ||
| 100 | |a Esteve i Reyner, Joan |9 33410 | ||
| 245 | |a Manual de ahorro energético en instalaciones deportivas / Joan Esteve Reyener, Albert Mitjà Sarvisé, Joan Josep Escobar Sánchez | ||
| 260 | |a Madrid : |b Instituto de Ciencias de la Educación Física y del Deporte, |c 1986 | ||
| 300 | |a 376 p. ; |c 30 cm | ||
| 590 | |a Abans del títol, Ministerio de Cultura. Consejo Superior de Deportes. Con la colaboración de la Diputación de Barcelona. | ||
| 590 | |a El nom correcte de l'autor de la monografia és: Joan Esteve i Reyner | ||
| 650 | |a Instal·lacions esportives |x Estalvi d'energia |9 33411 | ||
| 650 | 0 | |a Energia |x Estalvi |9 33412 | |
| 700 | |a Mitjà i Sarvisé, Albert |9 33413 | ||
| 700 | |a Escobar i Sánchez, Joan Josep |9 36395 | ||
| 901 | |a Arxiu | ||
| 942 | |n 1 | ||
| 952 | |0 0 |1 0 |4 0 |6 P19 |7 1 |9 46290 |a Arxiu |b Arxiu |d 2016-12-01 |l 0 |o P-1-9 |p 8410 |r 2016-12-01 00:00:00 |w 2016-12-01 |y ARXIU | ||
| 999 | |c 49795 |d 49795 | ||